<?xml version="1.0" encoding="UTF-8"?>
<collection xmlns="http://www.loc.gov/MARC21/slim">
 <record>
  <leader>01892nam a2200217Ia 4500</leader>
  <controlfield tag="001">CTU_18394</controlfield>
  <controlfield tag="008">210402s9999    xx            000 0 und d</controlfield>
  <datafield tag="082" ind1=" " ind2=" ">
   <subfield code="a">294.5</subfield>
  </datafield>
  <datafield tag="082" ind1=" " ind2=" ">
   <subfield code="b">H551</subfield>
  </datafield>
  <datafield tag="100" ind1=" " ind2=" ">
   <subfield code="a">Herman, A L</subfield>
  </datafield>
  <datafield tag="245" ind1=" " ind2="4">
   <subfield code="a">The brief introduction to Hinduism: Religion, philosophy, and ways of liberation</subfield>
  </datafield>
  <datafield tag="245" ind1=" " ind2="2">
   <subfield code="c">A L Herman</subfield>
  </datafield>
  <datafield tag="260" ind1=" " ind2=" ">
   <subfield code="a">Boulder, Colorado</subfield>
  </datafield>
  <datafield tag="260" ind1=" " ind2=" ">
   <subfield code="b">Westview</subfield>
  </datafield>
  <datafield tag="260" ind1=" " ind2=" ">
   <subfield code="c">1991</subfield>
  </datafield>
  <datafield tag="520" ind1=" " ind2=" ">
   <subfield code="a">The book begins with the assumption that philosophies and religions exist primarily to cope with human problems. Chapter 1 examines three extremely different Hindu problem solvers of the twentieth century, namely, Mohandas Gandhi, Ramana Maharshi, and A. C. Bhaktivedanta. Chapter 2 presents three ancient traditions of Hinduism: first, in the archaeological remains of the Indus Valley civilization (2500-1800 B.C.E); second, to the sacred compositions, called the Vedas, of the Aryan invaders (1500-900 B.C.E.) who displaced that civilization; and third, to the secret teachings of the Upanisads (800-200 B.C.E.) that attempted to offer a new and revolutionary alternative to the Vedas. Chapter 3 turns from these three ancient traditions of Hinduism to the attempt that was made at synthesizing the Indus and pre-Vedic tradition, the Vedic tradition, and the Upanisadic tradition. The fouth and final chapter analyzes and summarizes the results of our investigations into the problem-identifying and problem-solving ways of Gandhi, Maharshi, and Bhaktivedanta, of the ancient traditions found in the Indus Valley civilization, the Vedas, and the Upanisads, and of the Bhagavad Gĩtã</subfield>
  </datafield>
  <datafield tag="650" ind1=" " ind2=" ">
   <subfield code="a">hindu,hinduism,hinduism,hinduism,hinduism,philosophy, hindu</subfield>
  </datafield>
  <datafield tag="650" ind1=" " ind2=" ">
   <subfield code="x">case studies,doctrines,history,doctrines,introduction,history,history,history</subfield>
  </datafield>
  <datafield tag="650" ind1=" " ind2=" ">
   <subfield code="y">20th century</subfield>
  </datafield>
  <datafield tag="904" ind1=" " ind2=" ">
   <subfield code="i">Minh, 970912</subfield>
  </datafield>
  <datafield tag="980" ind1=" " ind2=" ">
   <subfield code="a">Trung tâm Học liệu Trường Đại học Cần Thơ</subfield>
  </datafield>
 </record>
</collection>
